000 00365nam a2200157Ia 4500
100 _aKennedy/G/ Davis/.B
650 _aElectrical Engineering
942 _cBK
654 _aElectronics
245 _aElectronics communications Systems
260 _bMc Graw Hill
_aIllinois
_c1992
082 _a621.382
_bPAN
300 _a321
546 _aENGLISH
999 _c20648
_d20648